• 首页
  • 本馆介绍
  • 公告通知
  • 最新文献
  • 馆藏检索
  • 电子资源
  • 读者导购
  • 参考咨询
  • 我的图书馆
  • 登录
  • 详细信息显示
  • 放入我的书架
  • 预约/预借图书
  • 作者相关作品
  • 分类相关作品
  • 丛书相关作品
  • 出版社相关作品

书目信息

  • 表格格式
  • 工作单格式
  • 卡片格式
题名:
哲学简明词典
    
 
作者: ;哲学简明词典编写组 编
分册:  
出版信息: 南京   江苏人民出版社  1985
页数: 401页
开本: 19cm
丛书名:
单 册:
中图分类: B-61
科图分类:
主题词: 哲学--词典
电子资源:
ISBN:
000 00681nam0 2200229 45
001 0185000236
005 20070731150101.78
010    @dCNY1.95
091    @a17100.063
100    @a19951005d1985 em y0chiy0121 ea
101 0  @achi
102    @aCN@b320000
105    @ay e 001yy
200 10 @a哲学简明词典@Azhe xue jian ming ci dian@f哲学简明词典编写组编@Fzhe xue jian ming ci dian bian xie zu bian
210    @a南京@c江苏人民出版社@d1985
215    @a401页@d19cm
606    @a哲学@x词典
690    @aB-61@v4
711  0 @a哲学简明词典编写组@Azhe xue jian ming ci dian bian xie zu@4编
801  0 @aCN@b深圳图书馆@c20070731
801  2 @aCN@bNLC@c20060404
905    @dB-61@e11
    
    哲学简明词典/哲学简明词典编写组编.-南京:江苏人民出版社,1985
    401页;19cm
    
    
    ISBN :CNY1.95
    
●
相关链接 在E读中查询图书 在五车中查询图书 在当当中查询图书 在豆瓣中查询图书


正题名:哲学简明词典     索取号:B-61/11         预约/预借

序号 登录号 条形码 馆藏地/架位号 状态 备注
1 0146258   202232976   密集书库/ [索取号:B-61/11] 在馆    
2 0146259   202224244   密集书库/ [索取号:B-61/11] 在馆    
3 0146260   001391210   第一样本阅览室/ [索取号:B-61/11] 在馆    
4 0790342   207903429   工具书阅览室/ [索取号:B-61/11] 在馆    
唐山师范学院图书馆 欢迎您!
大连网信软件有限公司© 版权所有